Hypotekárne úvery

Potreba znovuzavedenia hypotekárnych úverov. Vývoj hypotekárneho bankovníctva na Slovensku. Úroveň a rozsah hypotekárnych bánk do ukončenia ich činnosti v roku 1948. Hlavné charakteristické črty hypotekárnych záložných listov. Partneri pre hypotekárne úvery: poľnohospodárstvo, bytová výstavba, priem...

Descrizione completa

Salvato in:
Dettagli Bibliografici
Autore principale: Hošková, A.
Natura: Capitolo di libro
Lingua:slovacco
Soggetti:
Tags: Aggiungi Tag
Nessun Tag, puoi essere il primo ad aggiungerne!!

MARC

LEADER 00000naa a2200000 4500
001 r024686
005 20221205101328.2
041 0 |a slo 
044 |a SK 
245 1 0 |a Hypotekárne úvery  |c A. Hošková 
520 |a Potreba znovuzavedenia hypotekárnych úverov. Vývoj hypotekárneho bankovníctva na Slovensku. Úroveň a rozsah hypotekárnych bánk do ukončenia ich činnosti v roku 1948. Hlavné charakteristické črty hypotekárnych záložných listov. Partneri pre hypotekárne úvery: poľnohospodárstvo, bytová výstavba, priemyselná podnikateľská činnosť. Problémy spojené s aplikáciou hypotekárnych úverov. 
610 2 0 |a úver hypotekárny 
610 2 0 |a história 
610 2 0 |a Slovensko 
610 2 0 |a ČSR 
610 2 0 |a hypotéky 
610 2 0 |a banky 
610 2 0 |a poľnohospodárstvo 
610 2 0 |a výstavba bytová 
610 2 0 |a objekty stavebné 
100 1 |a Hošková, A.